La constitución del Imperio Alemán.

Na minha lista:
Detalhes bibliográficos
Autor principal: Pufendorf, Samuel von 1632- 1694 (autor)
Outros Autores: Huesbe Llanos, Marco Antonio (estudio preliminar, traducción y notas)
Formato: Livro
Idioma:espanhol
Publicado em: Valparaíso, Chile: Edeval, 2009.
Colecção:Colección Juristas Perennes, 13.
Assuntos:
Tags: Adicionar Tag
Sem tags, seja o primeiro a adicionar uma tag!

MARC

LEADER 00000cam a2200000 a 4500
001 UCG4269
003 CL-VaPUC
005 20240502163718.0
008 101021e20090000CL |||||||||||||||||spa|d
999 |c 343090  |d 343088 
020 |a 978-956-200-101-4 
040 |c Pontificia Universidad Católica de Valparaíso 
082 0 4 |a 342.43 PUF 2009  |2 21 
100 0 |a Pufendorf, Samuel von  |e autor  |9 553635  |d 1632- 1694 
245 1 3 |a La constitución del Imperio Alemán.  
260 |a Valparaíso, Chile:  |b Edeval,   |c 2009.  
300 |a 289 páginas.  
490 0 |a Colección Juristas Perennes, 13.  
500 |a c.6 Donación Familia Prof. Alejandro Guzmán Brito. 
583 |a last modification  |c 20150603 12:46:26  |k Rodrigo Vera 
650 0 |a Derecho constitucional   |9 222588 
650 0 |a Historia constitucional  |9 256052 
651 0 |a Alemania  |9 255688 
700 |a Huesbe Llanos, Marco Antonio   |e estudio preliminar  |e traducción y notas  |9 888748 
942 |c BK  |2 ddc  |n 0 
945 |d 20101021 00:00:00  |a mfarfan 
952 |0 0  |1 0  |4 0  |6 342_430000000000000_PUF_2009  |7 0  |8 A  |9 440067  |a BIBDER  |b BIBDER  |d 2019-11-22  |i 4725042  |o 342.43 PUF 2009  |p 4725042  |r 2023-01-25  |w 2019-11-22  |y BK  |k DER 
952 |0 0  |1 0  |4 0  |6 342_430000000000000_PUF_2009  |7 0  |8 A  |9 440068  |a BIBHIS  |b BIBHIS  |d 2019-11-22  |i 4739132  |o 342.43 PUF 2009  |p 4739132  |r 2025-01-20  |w 2019-11-22  |y BK  |k HIS 
952 |0 0  |1 0  |4 0  |6 342_430000000000000_PUF_2009  |7 0  |8 A  |9 440069  |a BIBHIS  |b BIBHIS  |d 2019-11-22  |i 4739124  |o 342.43 PUF 2009  |p 4739124  |r 2025-01-20  |w 2019-11-22  |y BK  |k HIS 
952 |0 0  |1 0  |3 erb  |4 0  |6 342_430000000000000_PUF_2009  |7 0  |8 A  |9 440070  |a BIBHIS  |b BIBHIS  |i 516205K  |o 342.43 PUF 2009  |p 516205K  |r 2025-01-20  |w 2019-11-22  |y BK  |z Catalogado en:20150605  |k HIS 
952 |0 0  |1 0  |3 erb  |4 0  |6 342_430000000000000_PUF_2009  |7 0  |8 ?  |9 440071  |a FDOBUD  |b FDOBUD  |i 5302897  |o 342.43 PUF 2009  |p 5302897  |r 2019-11-22  |w 2019-11-22  |y BK  |z Catalogado en:20160505  |k FHP 
952 |0 0  |1 0  |2 ddc  |4 0  |6 342_430000000000000_PUF_2009  |7 1  |8 C_AGB  |9 579827  |a BIBDER  |b BIBDER  |d 2021-12-27  |e Donación   |i 5631440  |o 342.43 PUF 2009  |p 5631440  |r 2023-01-25  |t 6  |w 2021-12-27  |y BK_US  |k AGB